The Merck index an encyclopedia of chemical, drugs, and biologicals
Αποθηκεύτηκε σε:
| Άλλοι συγγραφείς: | |
|---|---|
| Μορφή: | Ηλεκτρονική πηγή |
| Γλώσσα: | English |
| Δημοσίευση: |
Whitehouse Station, NJ, USA :
Merck & Co,
c2000
|
| Έκδοση: | 12th ed. |
| Θέματα: | |
| Ετικέτες: |
Προσθήκη ετικέτας
Δεν υπάρχουν, Καταχωρήστε ετικέτα πρώτοι!
|
MARC
| LEADER | 00000nmm a2200000 i 4500 | ||
|---|---|---|---|
| 001 | 1/24606 | ||
| 008 | 060217s2000 us eng d | ||
| 020 | |a 1-584881-29-1 | ||
| 035 | |l 10082708 | ||
| 040 | |a GR-MY-UA |b gre |e aacr | ||
| 041 | 0 | |a eng | |
| 082 | 0 | |a 615.103 |2 (22η εκδ.) | |
| 245 | 1 | 4 | |a The Merck index |h [αρχείο Η/Υ] : |b an encyclopedia of chemical, drugs, and biologicals / |c Editors: Susan Budavari ...[et.al.] |
| 250 | |a 12th ed. | ||
| 260 | |a Whitehouse Station, NJ, USA : |b Merck & Co, |c c2000 | ||
| 300 | |a 1 οπτική δισκέτα λέιζερ Η/Υ; |b έγχρ.; |c 4 3/4 ίν.+ |e 1 φυλλάδιο με οδηγίες εγκατάστασης | ||
| 500 | |a Τίτλος από την επιφάνεια του cdrom | ||
| 538 | |a Απαιτήσεις συστήματος: Pentium II processor or higher; 16 Mb RAM; 12 mb free hard disk capacity; Quad speed CD-ROM drive or faster; SVGA monitor at 800 x 600; 256 colors; Windows 95, 98 or NT 4.X; Macintosh version also available | ||
| 650 | 0 | 0 | |a Drugs |x Dictionaries. |
| 650 | 0 | 0 | |a Chemicals |x Dictionaries. |
| 650 | 0 | 0 | |a Biomolecules |x Dictionaries. |
| 700 | 1 | |a Dudavari, Susan. |4 edt | |
| 852 | |a INST |b SYROS |c AV |e 20060217 |h 615.103 MER |p 005500004954 |q 005500004954 |t CDROM |y 23 | ||
| 901 | |a BIBL5-2006-1 | ||
| 909 | |a Ε |b 117371 | ||
| 920 | |a ΔΙΕΥΡΥΝΣΗ |b ΕΠΕΑΕΚ-ΤΜΣΠΣ |y ΣΥΡΟΣ |z 2004-10 | ||
| 970 | |a ΚΟΝΤΟΥ |b ΠΑΡΑΣΚΕΥΗ |z 2006/02/17 | ||